Lactic acid bacteria : microbiology and functional aspects (Record no. 227758)

MARC details
000 -LEADER
fixed length control field 00768nam a2200241Ia 4500
008 - FIXED-LENGTH DATA ELEMENTS--GENERAL INFORMATION
fixed length control field 191130s2004##################000#0#eng##
020 ## - INTERNATIONAL STANDARD BOOK NUMBER
ISBN 824753321
082 ## - DEWEY DECIMAL CLASSIFICATION NUMBER
Classification number 579.3 SAL
245 ## - TITLE STATEMENT
Title Lactic acid bacteria : microbiology and functional aspects
Statement of responsibility, etc edited by Seppo Salminen, Atte von Wright, Arthur Ouwehand
250 ## - EDITION STATEMENT
Edition statement 3rd ed., rev. and expanded
260 ## - PUBLICATION, DISTRIBUTION, ETC. (IMPRINT)
Place of publication New York
Name of publisher Marcel Dekker
Year of publication 2004
300 ## - PHYSICAL DESCRIPTION
Number of Pages 633 p. : ill. ; 24 cm
500 ## - GENERAL NOTE
General note Includes bibliographical references and index
650 ## - SUBJECT ADDED ENTRY--TOPICAL TERM
Topical Term Lactic acid bacteria
700 ## - ADDED ENTRY--PERSONAL NAME
Personal name Ouwehand, Arthur
Personal name Salminen, Seppo
Personal name Wright, Atte von
991 ## -
-- 235871
Holdings
Withdrawn status Lost status Damaged status Not for loan Home library Current library Shelving location Date acquired Full call number Accession Number Price effective from Koha item type
        Anna Centenary Library Anna Centenary Library 5TH FLOOR, A WING 13.10.2020 579.3 SAL 148818 13.10.2020 English Books

Find us on the map